[Event "Registro op 10th"]
[Site "Registro"]
[Date "2019.08.04"]
[Round "6"]
[White "Shiraishi, William Makoto H"]
[Black "Pontes, Ailton"]
[Result "0-1"]
[WhiteElo "1776"]
[BlackElo "1863"]
[PlyCount "38"]
[EventDate "2019.08.01"]
[EventType "swiss"]
[EventRounds "7"]
[EventCountry "BRA"]
[SourceTitle "EXT 2020"]
[Source "ChessBase"]
[SourceDate "2019.10.17"]
[SourceVersion "1"]
[SourceVersionDate "2019.10.17"]
[SourceQuality "1"]

1. c4 c5 2. Nc3 Nc6 3. Nf3 Nf6 4. e4 e6 5. d4 d5 6. e5 cxd4 7. exf6 dxc3 8. bxc3 Qxf6 9. cxd5 exd5 10. Qb3 Bc5 11. Be2 0-0 12. 0-0 d4 13. cxd4 Nxd4 14. Nxd4 Bxd4 15. Rb1 Bf5 16. Bd3 Bxd3 17. Qxd3 Rad8 18. Qe4 Rfe8 19. Qxb7 Qxf2+ 0-1

[Event "Registro op 10th"]
[Site "Registro"]
[Date "2019.08.02"]
[Round "2"]
[White "Brito, Luismar Jorge"]
[Black "Pontes, Ailton"]
[Result "0-1"]
[WhiteElo "2259"]
[BlackElo "1863"]
[PlyCount "82"]
[EventDate "2019.08.01"]
[EventType "swiss"]
[EventRounds "7"]
[EventCountry "BRA"]
[SourceTitle "EXT 2020"]
[Source "ChessBase"]
[SourceDate "2019.10.17"]
[SourceVersion "1"]
[SourceVersionDate "2019.10.17"]
[SourceQuality "1"]

1. Nc3 Nf6 2. Nf3 d5 3. d4 e6 4. Qd3 c5 5. e4 Nc6 6. e5 cxd4 7. Nb5 Nd7 8. Bf4 Bb4+ 9. c3 dxc3 10. bxc3 Be7 11. Be2 a6 12. Nbd4 Qc7 13. 0-0 Nc5 14. Qe3 b5 15. Nxc6 Qxc6 16. Nd4 Qc7 17. Bg5 Bxg5 18. Qxg5 0-0 19. Rac1 Ne4 20. Qe3 Qxe5 21. f3 Qg5 22. Qxg5 Nxg5 23. h4 e5 24. hxg5 exd4 25. cxd4 Bf5 26. Rc5 Be6 27. Rfc1 Rac8 28. Kf2 Rxc5 29. Rxc5 Rc8 30. Ke3 Kf8 31. f4 Ke7 32. Bf3 Kd6 33. f5 Rxc5 34. dxc5+ Kxc5 35. fxe6 fxe6 36. Kf4 Kd4 37. Bg4 e5+ 38. Kf5 e4 39. Ke6 e3 40. Be2 Ke4 41. g4 d4 0-1

[Event "Registro Hirota Memorial U2200 3rd"]
[Site "Registro"]
[Date "2018.07.29"]
[Round "4.5"]
[White "Pontes, Ailton"]
[Black "Haraguchi, Matheus Sashaki"]
[Result "0-1"]
[WhiteElo "1924"]
[BlackElo "1570"]
[PlyCount "74"]
[EventDate "2018.07.28"]
[EventType "swiss"]
[EventRounds "6"]
[EventCountry "BRA"]
[SourceTitle "EXT 2022"]
[Source "ChessBase"]
[SourceDate "2021.10.06"]
[SourceVersion "1"]
[SourceVersionDate "2021.10.06"]
[SourceQuality "1"]

1. e4 e6 2. d4 d5 3. Nc3 Nf6 4. Bg5 Be7 5. exd5 exd5 6. Nf3 Nc6 7. a3 a6 8. Be2 Be6 9. 0-0 0-0 10. Re1 Nd7 11. Bxe7 Nxe7 12. Ng5 Bf5 13. Bd3 c6 14. Qf3 Bxd3 15. Qxd3 Ng6 16. Qf5 Nf6 17. Re3 Qb6 18. Rd1 Rae8 19. b4 Rxe3 20. fxe3 Re8 21. e4 h6 22. Nh3 dxe4 23. Nf2 e3 24. Nfe4 e2 25. Nxf6+ gxf6 26. Nxe2 Rxe2 27. Qxf6 Qc7 28. c4 Qf4 29. Qxf4 Nxf4 30. d5 cxd5 31. cxd5 Rxg2+ 32. Kh1 Re2 33. d6 Re8 34. d7 Rd8 35. Rg1+ Kf8 36. Rd1 Ke7 37. Re1+ Ne6 0-1

[Event "Cananeia U2200"]
[Site "Cananeia"]
[Date "2018.06.23"]
[Round "3.3"]
[White "Deus Filho, Joaquim"]
[Black "Pontes, Ailton"]
[Result "0-1"]
[WhiteElo "1855"]
[BlackElo "1902"]
[PlyCount "64"]
[EventDate "2018.06.23"]
[EventType "swiss"]
[EventRounds "6"]
[EventCountry "BRA"]
[SourceTitle "EXT 2022"]
[Source "ChessBase"]
[SourceDate "2021.10.06"]
[SourceVersion "1"]
[SourceVersionDate "2021.10.06"]
[SourceQuality "1"]

1. e4 c5 2. Nc3 Nc6 3. f4 e6 4. Nf3 d5 5. Bb5 d4 6. Bxc6+ bxc6 7. Ne2 Nf6 8. d3 Qb6 9. b3 a5 10. a4 Ba6 11. h3 Be7 12. g4 0-0 13. Ne5 Rfd8 14. 0-0 c4 15. Kh1 cxd3 16. cxd3 Bb4 17. Ng3 Nd7 18. Nxd7 Rxd7 19. f5 e5 20. g5 Rb8 21. f6 g6 22. Qg4 Rbb7 23. Rd1 Bf8 24. Rb1 c5 25. Ba3 h5 26. gxh6 Bxh6 27. Qh4 Bf8 28. Bc1 Qe6 29. Rb2 Rxb3 30. Rf2 Bxd3 31. Rxd3 Rxd3 32. Bh6 Rxg3 0-1

[Event "Ilha Comprida Cabeca Memorial U2200"]
[Site "Ilha Comprida"]
[Date "2016.08.21"]
[Round "5.10"]
[White "Pontes, Ailton"]
[Black "Correia, Vitor Paie"]
[Result "1/2-1/2"]
[WhiteElo "1981"]
[BlackElo "1509"]
[PlyCount "108"]
[EventDate "2016.08.20"]
[EventType "swiss"]
[EventRounds "6"]
[EventCountry "BRA"]
[SourceTitle "EXT 2022"]
[Source "ChessBase"]
[SourceDate "2021.10.06"]
[SourceVersion "1"]
[SourceVersionDate "2021.10.06"]
[SourceQuality "1"]

1. e4 c6 2. d4 d5 3. Nc3 dxe4 4. Nxe4 Bf5 5. Ng3 Bg6 6. Nf3 Nd7 7. Bc4 Ngf6 8. h4 h5 9. Qe2 Nb6 10. Bb3 a5 11. c3 Nbd5 12. Ne5 a4 13. Nxg6 axb3 14. Nxh8 Rxa2 15. Rb1 Nxc3 16. Qc4 Nxb1 17. Qxf7+ Kd7 18. Ng6 Qa5+ 19. Kd1 Rxb2 20. Nxf8+ Kc8 21. Qe6+ Kd8 22. Qe5 Rd2+ 23. Ke1 Ra2+ 24. Qxa5+ Rxa5 25. Ne6+ Kc8 26. Nc5 Rb5 27. Bb2 b6 28. Nce4 Ra5 29. Ke2 Na3 30. Ra1 Nc4 31. Rxa5 bxa5 32. Bc3 b2 33. Bxb2 Nxb2 34. Kd2 Nc4+ 35. Kc3 Nd6 36. Nxf6 gxf6 37. Nxh5 Ne4+ 38. Kc4 Nxf2 39. Ng7 Ng4 40. h5 e5 41. Nf5 exd4 42. Kxd4 Ne5 43. h6 Nf7 44. h7 Kd7 45. Kc5 Nh8 46. Nd4 a4 47. Nxc6 a3 48. Nb4 Ke7 49. Nd5+ Kf7 50. Nc3 Kg7 51. Kb4 Ng6 52. Kxa3 Kxh7 53. Ne2 Nh4 54. g3 Nf5 1/2-1/2

[Event "Maringa op 4th"]
[Site "Maringa"]
[Date "2014.08.21"]
[Round "4"]
[White "Pontes, Ailton"]
[Black "Riquelme Oviedo, Fabio"]
[Result "1-0"]
[WhiteElo "1975"]
[BlackElo "1725"]
[PlyCount "59"]
[EventDate "2014.08.20"]
[EventType "swiss"]
[EventRounds "9"]
[EventCountry "BRA"]
[SourceTitle "EXT 2015"]
[Source "ChessBase"]
[SourceDate "2014.11.20"]
[SourceVersion "1"]
[SourceVersionDate "2014.11.20"]
[SourceQuality "1"]

1. e4 Nc6 2. d4 d5 3. e5 Bf5 4. h4 h5 5. Nf3 Bg4 6. c3 Qd7 7. Be2 0-0-0 8. Qa4 e6 9. b4 Kb8 10. Na3 Nxe5 11. Bb5 Nxf3+ 12. gxf3 c6 13. Be2 Bf5 14. b5 c5 15. Bf4+ Bd6 16. dxc5 Bxf4 17. Qxf4+ Qc7 18. Qb4 b6 19. c6 Nf6 20. Nb1 e5 21. a4 d4 22. a5 d3 23. axb6 Qxb6 24. Ra6 Qc7 25. b6 axb6 26. Rxb6+ Kc8 27. Qa5 Qxb6 28. Qxb6 Rde8 29. Qb7+ Kd8 30. c7+ 1-0

[Event "Cananeia I IRT Aberto Festa"]
[Site "Cananeia"]
[Date "2009.08.15"]
[Round "4"]
[White "Pontes, Ailton"]
[Black "Deus Filho, Joaquim"]
[Result "1-0"]
[WhiteElo "2001"]
[BlackElo "1990"]
[PlyCount "75"]
[EventDate "2009.08.15"]
[EventType "swiss"]
[EventRounds "6"]
[EventCountry "BRA"]
[SourceTitle "EXT 2022"]
[Source "ChessBase"]
[SourceDate "2021.10.06"]
[SourceVersion "1"]
[SourceVersionDate "2021.10.06"]
[SourceQuality "1"]

1. d4 b6 2. e4 e6 3. Nf3 Bb7 4. Bd3 c5 5. c3 d6 6. 0-0 Nd7 7. Bf4 Ngf6 8. Nbd2 Nh5 9. Bg3 Nxg3 10. fxg3 Be7 11. Qe2 0-0 12. Rad1 cxd4 13. cxd4 e5 14. Nb3 Qb8 15. Rf2 a6 16. Rdf1 Qd8 17. d5 b5 18. Na1 Qa5 19. a3 Bd8 20. Nc2 Bb6 21. Ne3 g6 22. Ng5 f6 23. Ne6 Rf7 24. h4 b4 25. Kh2 Bc5 26. Nc4 Qa4 27. Nxc5 Nxc5 28. Nb6 Qa5 29. Nxa8 Kg7 30. h5 bxa3 31. bxa3 Bxa8 32. h6+ Kxh6 33. Rxf6 Rxf6 34. Rxf6 Kg7 35. Qf1 Qc7 36. Rf8 Bb7 37. Qf6+ Kh6 38. Rf7 1-0